UM Logo

Beautiful stuff treasure boxes : (Record no. 22421)

MARC details
000 -LEADER
fixed length control field 00485nam a22001337a 4500
005 - DATE AND TIME OF LATEST TRANSACTION
control field 20241010104302.0
008 - FIXED-LENGTH DATA ELEMENTS--GENERAL INFORMATION
fixed length control field 241010b |||||||| |||| 00| 0 eng d
100 ## - MAIN ENTRY--PERSONAL NAME
Personal name Seevak, Marina.
Relator term author.
9 (RLIN) 62683
245 ## - TITLE STATEMENT
Title Beautiful stuff treasure boxes :
Remainder of title leveling the playing field /
Statement of responsibility, etc. Marina Seevak.
260 ## - PUBLICATION, DISTRIBUTION, ETC. (IMPRINT)
Place of publication, distribution, etc. Washington;
Name of publisher, distributor, etc. Taylor & Francis Group,
Date of publication, distribution, etc. March-April 2020.
300 ## - PHYSICAL DESCRIPTION
Extent Volume 96, pages 68-71,
Other physical details illustration.
700 ## - ADDED ENTRY--PERSONAL NAME
Personal name Seevak, Marina.
Relator term author.
9 (RLIN) 62684
942 ## - ADDED ENTRY ELEMENTS (KOHA)
Source of classification or shelving scheme Dewey Decimal Classification
Koha item type Periodicals
Holdings
Withdrawn status Lost status Source of classification or shelving scheme Damaged status Not for loan Collection code Home library Current library Date acquired Total Checkouts Date last seen Price effective from Koha item type Public note
    Dewey Decimal Classification     Periodicals UM Digos College - LIC UM Digos College - LIC 10/10/2024   10/10/2024 10/10/2024 Periodicals Periodical Article